[Event "World Youth & Cadets Blitz Championships"]
[Site "Rhodes, Greece"]
[Date "2022.05.03"]
[Round "8.8"]
[White "Mikko, Rondo"]
[Black "Olenik Campa, Rudi"]
[Result "0-1"]
[TimeControl "5'/game & 2\"/move"]
[WhiteElo "1968"]
[BlackElo "2076"]

1. Nf3 {[%clk 00:05:02]} {[%emt 00:00:02]} g6 {[%clk 00:05:03]} {[%emt
00:00:02]} 2. g3 {[%clk 00:04:59]} {[%emt 00:00:05]} Bg7 {[%clk 00:05:04]}
{[%emt 00:00:01]} 3. Bg2 {[%clk 00:05:00]} e5 {[%clk 00:05:05]} {[%emt
00:00:01]} 4. d3 {[%clk 00:04:57]} {[%emt 00:00:05]} Ne7 {[%clk 00:05:06]}
{[%emt 00:00:01]} 5. O-O {[%clk 00:04:57]} {[%emt 00:00:02]} O-O {[%clk
00:05:06]} {[%emt 00:00:02]} 6. Nbd2 {[%clk 00:04:55]} {[%emt 00:00:04]} d5
{[%clk 00:05:07]} {[%emt 00:00:01]} 7. e4 {[%clk 00:04:56]} c6 {[%clk
00:05:08]} {[%emt 00:00:01]} 8. c3 {[%clk 00:04:56]} {[%emt 00:00:03]} f5
{[%clk 00:05:07]} {[%emt 00:00:02]} 9. exd5 {[%clk 00:04:46]} {[%emt 00:00:12]}
cxd5 {[%clk 00:05:08]} {[%emt 00:00:02]} 10. d4 {[%clk 00:04:42]} {[%emt
00:00:05]} e4 {[%clk 00:05:06]} {[%emt 00:00:04]} 11. Ne5 {[%clk 00:04:43]}
Nbc6 {[%clk 00:05:03]} {[%emt 00:00:06]} 12. f4 {[%clk 00:04:43]} {[%emt
00:00:01]} Be6 {[%clk 00:04:39]} {[%emt 00:00:25]} 13. Re1 {[%clk 00:04:20]}
{[%emt 00:00:26]} b5 {[%clk 00:04:40]} {[%emt 00:00:01]} 14. Nb3 {[%clk
00:04:16]} {[%emt 00:00:06]} Rb8 {[%clk 00:04:28]} {[%emt 00:00:14]} 15. Nc5
{[%clk 00:04:16]} {[%emt 00:00:02]} Bc8 {[%clk 00:04:28]} {[%emt 00:00:02]} 16.
b4 {[%clk 00:04:03]} {[%emt 00:00:15]} a5 {[%clk 00:04:22]} {[%emt 00:00:09]}
17. a3 {[%clk 00:03:54]} {[%emt 00:00:10]} Nxe5 {[%clk 00:04:11]} {[%emt
00:00:12]} 18. dxe5 {[%clk 00:03:45]} {[%emt 00:00:12]} Nc6 {[%clk 00:03:59]}
{[%emt 00:00:14]} 19. Be3 {[%clk 00:03:44]} {[%emt 00:00:03]} Ra8 {[%clk
00:03:38]} {[%emt 00:00:24]} 20. Qd2 {[%clk 00:03:44]} {[%emt 00:00:02]} Rf7
{[%clk 00:03:25]} {[%emt 00:00:15]} 21. Rad1 {[%clk 00:03:36]} {[%emt
00:00:09]} Ne7 {[%clk 00:03:07]} {[%emt 00:00:21]} 22. Bf1 {[%clk 00:03:29]}
{[%emt 00:00:08]} Qe8 {[%clk 00:02:51]} {[%emt 00:00:18]} 23. h4 {[%clk
00:03:17]} {[%emt 00:00:13]} Qc6 {[%clk 00:02:45]} {[%emt 00:00:09]} 24. Qe2
{[%clk 00:03:12]} {[%emt 00:00:07]} Rb8 {[%clk 00:02:10]} {[%emt 00:00:37]} 25.
bxa5 {[%clk 00:03:12]} {[%emt 00:00:03]} Qa8 {[%clk 00:02:08]} {[%emt
00:00:03]} 26. Rb1 {[%clk 00:02:55]} {[%emt 00:00:19]} Qxa5 {[%clk 00:02:03]}
{[%emt 00:00:08]} 27. Bd4 {[%clk 00:02:47]} {[%emt 00:00:10]} Nc6 {[%clk
00:01:51]} {[%emt 00:00:13]} 28. Rxb5 {[%clk 00:02:42]} {[%emt 00:00:06]} Nxd4
{[%clk 00:01:29]} {[%emt 00:00:25]} 29. Rxa5 {[%clk 00:02:41]} {[%emt
00:00:03]} Nxe2+ {[%clk 00:01:29]} {[%emt 00:00:02]} 30. Bxe2 {[%clk 00:02:30]}
{[%emt 00:00:12]} Bf8 {[%clk 00:01:25]} {[%emt 00:00:07]} 31. Rd1 {[%clk
00:02:11]} {[%emt 00:00:21]} Rb2 {[%clk 00:01:23]} {[%emt 00:00:04]} 32. Kf1
{[%clk 00:01:53]} {[%emt 00:00:20]} Rc2 {[%clk 00:01:09]} {[%emt 00:00:17]} 33.
Rxd5 {[%clk 00:01:45]} {[%emt 00:00:09]} Rxc3 {[%clk 00:01:05]} {[%emt
00:00:06]} 34. Na4 {[%clk 00:01:06]} {[%emt 00:00:42]} Rxa3 {[%clk 00:00:54]}
{[%emt 00:00:12]} 35. Nb6 {[%clk 00:00:46]} {[%emt 00:00:21]} Rxa5 {[%clk
00:00:48]} {[%emt 00:00:09]} 36. Rxa5 {[%clk 00:00:47]} Be6 {[%clk 00:00:49]}
{[%emt 00:00:01]} 37. Bc4 {[%clk 00:00:40]} {[%emt 00:00:09]} Bxc4+ {[%clk
00:00:46]} {[%emt 00:00:05]} 38. Nxc4 {[%clk 00:00:40]} {[%emt 00:00:01]} Rc7
{[%clk 00:00:47]} {[%emt 00:00:02]} 39. Ne3 {[%clk 00:00:34]} {[%emt 00:00:08]}
Rc1+ {[%clk 00:00:46]} {[%emt 00:00:03]} 40. Ke2 {[%clk 00:00:33]} {[%emt
00:00:03]} Rg1 {[%clk 00:00:45]} {[%emt 00:00:03]} 41. Kf2 {[%clk 00:00:34]}
{[%emt 00:00:01]} Rb1 {[%clk 00:00:45]} {[%emt 00:00:02]} 42. Nd5 {[%clk
00:00:35]} {[%emt 00:00:01]} Rb2+ {[%clk 00:00:42]} {[%emt 00:00:05]} 43. Kf1
{[%clk 00:00:33]} {[%emt 00:00:04]} Rb1+ {[%clk 00:00:43]} {[%emt 00:00:02]} 44.
Ke2 {[%clk 00:00:32]} {[%emt 00:00:03]} Rb2+ {[%clk 00:00:43]} {[%emt
00:00:01]} 45. Ke3 {[%clk 00:00:33]} Rb3+ {[%clk 00:00:43]} {[%emt 00:00:02]}
46. Kd4 {[%clk 00:00:34]} Rb7 {[%clk 00:00:14]} {[%emt 00:00:31]} 47. e6 {[%clk
00:00:24]} {[%emt 00:00:13]} Kg7 {[%emt 00:00:01]} 48. Ke5 {[%clk 00:00:23]}
{[%emt 00:00:03]} h6 {[%clk 00:00:12]} {[%emt 00:00:05]} 49. Ra6 {[%clk
00:00:13]} {[%emt 00:00:11]} Bc5 {[%clk 00:00:10]} {[%emt 00:00:05]} 50. Rc6
{[%clk 00:00:14]} {[%emt 00:00:01]} Ba3 {[%clk 00:00:07]} {[%emt 00:00:04]} 51.
Ne3 {[%clk 00:00:09]} {[%emt 00:00:07]} Bb2+ {[%clk 00:00:07]} {[%emt
00:00:02]} 52. Kd5 {[%clk 00:00:10]} Ba3 {[%clk 00:00:07]} {[%emt 00:00:02]} 53.
Nc4 {[%clk 00:00:11]} Bb4 {[%clk 00:00:07]} {[%emt 00:00:02]} 54. Rb6 {[%clk
00:00:11]} {[%emt 00:00:02]} Rxb6 {[%clk 00:00:08]} {[%emt 00:00:01]} 55. Nxb6
{[%clk 00:00:11]} {[%emt 00:00:02]} e3 {[%clk 00:00:09]} {[%emt 00:00:01]} 0-1

[Event "World Youth & Cadets Blitz Championships"]
[Site "Rhodes, Greece"]
[Date "2022.05.03"]
[Round "8.9"]
[White "Gurel, Ediz"]
[Black "Assylov, Miras"]
[Result "1-0"]
[TimeControl "5'/game & 2\"/move"]
[WhiteElo "1726"]
[BlackElo "1891"]

1. e4 {[%clk 00:05:03]} c5 {[%clk 00:05:02]} {[%emt 00:00:03]} 2. Nf3 {[%clk
00:05:04]} {[%emt 00:00:01]} e6 {[%clk 00:05:03]} 3. d4 {[%clk 00:05:05]} cxd4
{[%clk 00:05:04]} 4. Nxd4 {[%clk 00:05:06]} {[%emt 00:00:01]} Nf6 {[%emt
00:00:02]} 5. Nc3 {[%clk 00:05:07]} {[%emt 00:00:01]} d6 {[%clk 00:05:06]} 6.
Be3 {[%clk 00:05:01]} {[%emt 00:00:08]} Be7 {[%clk 00:05:06]} 7. Bd3 {[%clk
00:04:56]} {[%emt 00:00:09]} Nc6 {[%clk 00:04:57]} 8. O-O {[%clk 00:04:52]}
{[%emt 00:00:16]} O-O {[%clk 00:04:44]} 9. Kh1 {[%clk 00:04:07]} {[%emt
00:01:03]} Bd7 {[%clk 00:03:25]} 10. f4 {[%clk 00:03:55]} {[%emt 00:01:35]}
Nxd4 {[%clk 00:03:14]} 11. Bxd4 {[%clk 00:03:55]} {[%emt 00:00:15]} Bc6 {[%clk
00:03:15]} 12. Qf3 {[%clk 00:03:39]} {[%emt 00:00:19]} a6 {[%clk 00:02:41]} 13.
Qh3 {[%clk 00:03:31]} {[%emt 00:00:45]} Nd7 {[%emt 00:01:36]} 14. Nd5 {[%clk
00:02:16]} {[%emt 00:01:17]} e5 {[%clk 00:00:43]} {[%emt 00:00:28]} 15. fxe5
{[%clk 00:01:23]} {[%emt 00:00:55]} dxe5 {[%clk 00:00:42]} {[%emt 00:00:02]} 16.
Be3 {[%clk 00:01:18]} {[%emt 00:00:07]} Bc5 {[%clk 00:00:29]} {[%emt 00:00:16]}
17. Bd2 {[%clk 00:00:51]} {[%emt 00:00:28]} Bb5 {[%clk 00:00:13]} {[%emt
00:00:19]} 18. c4 {[%clk 00:00:48]} {[%emt 00:00:05]} Bc6 {[%clk 00:00:13]}
{[%emt 00:00:01]} 19. Rad1 {[%clk 00:00:34]} {[%emt 00:00:16]} a5 {[%clk
00:00:09]} {[%emt 00:00:06]} 20. Bc3 {[%clk 00:00:29]} {[%emt 00:00:07]} Re8
{[%clk 00:00:05]} {[%emt 00:00:06]} 21. Qf5 {[%clk 00:00:17]} {[%emt 00:00:14]}
Re7 {[%clk 00:00:03]} {[%emt 00:00:04]} 22. Nxe7+ {[%clk 00:00:16]} {[%emt
00:00:03]} Qxe7 {[%clk 00:00:04]} {[%emt 00:00:01]} 23. Bc2 {[%clk 00:00:10]}
{[%emt 00:00:08]} Nf8 24. Qxe5 {[%clk 00:00:05]} Qxe5 {[%clk 00:00:04]} {[%emt
00:00:03]} 25. Bxe5 {[%clk 00:00:06]} Re8 {[%clk 00:00:05]} {[%emt 00:00:02]}
26. Bd6 {[%clk 00:00:04]} {[%emt 00:00:03]} Bxd6 {[%clk 00:00:03]} {[%emt
00:00:04]} 27. Rxd6 {[%clk 00:00:05]} Ng6 {[%clk 00:00:04]} 28. Rd4 {[%clk
00:00:03]} {[%emt 00:00:04]} Ne5 {[%clk 00:00:05]} {[%emt 00:00:02]} 29. Rfd1
{[%clk 00:00:04]} 1-0

[Event "World Youth & Cadets Blitz Championships"]
[Site "Rhodes, Greece"]
[Date "2022.05.03"]
[Round "8.10"]
[White "Sapenov, Daniyal"]
[Black "Krawczyk, Flawian"]
[Result "1/2-1/2"]
[TimeControl "5'/game & 2\"/move"]
[WhiteElo "1877"]
[BlackElo "1883"]

1. d4 {[%clk 00:05:03]} Nf6 {[%clk 00:05:02]} {[%emt 00:00:02]} 2. c4 {[%clk
00:05:04]} {[%emt 00:00:01]} c5 {[%clk 00:05:04]} {[%emt 00:00:01]} 3. d5
{[%clk 00:05:03]} {[%emt 00:00:02]} b5 {[%clk 00:05:05]} {[%emt 00:00:01]} 4.
cxb5 {[%clk 00:05:04]} {[%emt 00:00:01]} a6 {[%clk 00:05:07]} 5. bxa6 {[%clk
00:05:04]} {[%emt 00:00:03]} g6 {[%clk 00:05:08]} {[%emt 00:00:01]} 6. Nc3
{[%clk 00:05:04]} {[%emt 00:00:02]} Bg7 {[%clk 00:05:09]} {[%emt 00:00:01]} 7.
e4 {[%clk 00:05:02]} {[%emt 00:00:03]} O-O {[%clk 00:05:09]} {[%emt 00:00:02]}
8. e5 {[%clk 00:04:33]} {[%emt 00:00:32]} Ne8 {[%clk 00:05:10]} 9. h4 {[%clk
00:04:34]} {[%emt 00:00:01]} Bxe5 {[%clk 00:05:11]} 10. h5 {[%clk 00:04:35]}
Qb6 {[%clk 00:04:57]} {[%emt 00:00:16]} 11. Nf3 {[%clk 00:04:09]} {[%emt
00:00:27]} Bf6 {[%clk 00:04:59]} {[%emt 00:00:01]} 12. Qd2 {[%clk 00:03:20]}
{[%emt 00:00:51]} Bg7 {[%clk 00:04:14]} {[%emt 00:00:46]} 13. Qf4 {[%clk
00:02:51]} {[%emt 00:00:31]} Nf6 {[%clk 00:03:27]} {[%emt 00:00:49]} 14. h6
{[%clk 00:02:08]} {[%emt 00:00:46]} Bh8 {[%clk 00:03:27]} {[%emt 00:00:02]} 15.
Bc4 {[%clk 00:02:04]} {[%emt 00:00:06]} d6 {[%clk 00:03:20]} {[%emt 00:00:09]}
16. O-O {[%clk 00:02:01]} {[%emt 00:00:04]} Bxa6 {[%clk 00:03:21]} {[%emt
00:00:02]} 17. Re1 {[%clk 00:02:02]} Bxc4 {[%clk 00:03:21]} {[%emt 00:00:01]}
18. Qxc4 {[%clk 00:02:03]} Re8 {[%clk 00:03:03]} {[%emt 00:00:21]} 19. Re2
{[%clk 00:01:53]} {[%emt 00:00:12]} Nbd7 {[%clk 00:02:42]} {[%emt 00:00:23]} 20.
Bg5 {[%clk 00:01:26]} {[%emt 00:00:28]} Qa6 {[%clk 00:02:43]} {[%emt 00:00:02]}
21. Qxa6 {[%clk 00:01:21]} {[%emt 00:00:07]} Rxa6 {[%clk 00:02:44]} 22. Rae1
{[%clk 00:01:22]} Kf8 {[%clk 00:02:38]} {[%emt 00:00:07]} 23. Nd2 {[%clk
00:01:11]} {[%emt 00:00:14]} Ne5 {[%clk 00:02:31]} {[%emt 00:00:09]} 24. Nb3
{[%clk 00:00:46]} {[%emt 00:00:27]} Nd3 {[%clk 00:02:11]} {[%emt 00:00:22]} 25.
Rd1 {[%clk 00:00:47]} Ne5 {[%clk 00:02:05]} {[%emt 00:00:09]} 26. Nxc5 {[%clk
00:00:44]} {[%emt 00:00:05]} Raa8 {[%clk 00:01:02]} {[%emt 00:01:05]} 27. Nd3
{[%clk 00:00:43]} {[%emt 00:00:03]} Nxd3 {[%clk 00:01:00]} {[%emt 00:00:04]} 28.
Rxd3 {[%clk 00:00:44]} Ng8 {[%clk 00:01:01]} 29. a3 {[%clk 00:00:34]} {[%emt
00:00:13]} f6 {[%clk 00:01:02]} {[%emt 00:00:01]} 30. Bd2 {[%clk 00:00:33]}
{[%emt 00:00:02]} g5 {[%clk 00:01:04]} 31. f4 {[%clk 00:00:32]} {[%emt
00:00:03]} Nxh6 {[%emt 00:00:21]} 32. fxg5 {[%clk 00:00:34]} Nf7 {[%clk
00:00:46]} 33. gxf6 {[%clk 00:00:29]} {[%emt 00:00:06]} Bxf6 {[%clk 00:00:47]}
{[%emt 00:00:02]} 34. Rf3 {[%clk 00:00:29]} {[%emt 00:00:02]} Ne5 {[%clk
00:00:40]} {[%emt 00:00:09]} 35. Rf1 {[%clk 00:00:29]} {[%emt 00:00:01]} Kf7
{[%clk 00:00:33]} {[%emt 00:00:09]} 36. Ne4 {[%clk 00:00:30]} {[%emt 00:00:02]}
Rg8 {[%clk 00:00:30]} {[%emt 00:00:04]} 37. Bc3 {[%clk 00:00:31]} {[%emt
00:00:02]} Rg6 {[%clk 00:00:25]} {[%emt 00:00:07]} 38. Bxe5 {[%clk 00:00:17]}
{[%emt 00:00:16]} dxe5 {[%clk 00:00:24]} {[%emt 00:00:02]} 39. d6 {[%clk
00:00:16]} {[%emt 00:00:03]} Ke8 {[%clk 00:00:15]} {[%emt 00:00:12]} 40. dxe7
{[%clk 00:00:15]} {[%emt 00:00:02]} Bxe7 {[%clk 00:00:16]} 41. Rf5 {[%clk
00:00:14]} {[%emt 00:00:04]} Ra5 {[%clk 00:00:17]} {[%emt 00:00:01]} 42. Rf3
{[%clk 00:00:14]} {[%emt 00:00:02]} Rd5 {[%clk 00:00:18]} {[%emt 00:00:01]} 43.
Kf2 {[%clk 00:00:14]} {[%emt 00:00:02]} Bh4+ {[%clk 00:00:16]} {[%emt
00:00:04]} 44. g3 {[%clk 00:00:15]} {[%emt 00:00:01]} Be7 {[%clk 00:00:17]} 45.
b4 {[%clk 00:00:17]} Rd1 {[%clk 00:00:18]} 46. Rb3 {[%clk 00:00:17]} Rh6 {[%clk
00:00:19]} 47. Ke3 {[%clk 00:00:14]} {[%emt 00:00:05]} Rh3 {[%clk 00:00:08]}
{[%emt 00:00:13]} 48. Rd2 {[%clk 00:00:13]} {[%emt 00:00:03]} Re1+ {[%clk
00:00:09]} {[%emt 00:00:01]} 49. Kd3 {[%clk 00:00:13]} {[%emt 00:00:02]} Rh6
{[%clk 00:00:07]} {[%emt 00:00:04]} 50. b5 {[%clk 00:00:13]} {[%emt 00:00:02]}
Bd8 {[%clk 00:00:07]} {[%emt 00:00:01]} 51. Re2 {[%clk 00:00:12]} {[%emt
00:00:03]} Rd1+ {[%clk 00:00:08]} {[%emt 00:00:01]} 52. Kc2 {[%clk 00:00:14]}
Rd7 {[%clk 00:00:09]} {[%emt 00:00:02]} 53. a4 {[%clk 00:00:12]} {[%emt
00:00:03]} Bb6 {[%clk 00:00:09]} {[%emt 00:00:01]} 54. Nd2 {[%clk 00:00:13]}
{[%emt 00:00:02]} Re6 {[%clk 00:00:10]} {[%emt 00:00:01]} 55. Nc4 {[%clk
00:00:14]} {[%emt 00:00:04]} Rc7 {[%clk 00:00:11]} 56. Re4 {[%clk 00:00:13]}
Bd4 {[%clk 00:00:13]} 57. Kd3 {[%clk 00:00:14]} Rf7 {[%clk 00:00:10]} {[%emt
00:00:05]} 58. b6 {[%clk 00:00:12]} {[%emt 00:00:04]} Rf3+ {[%clk 00:00:10]}
{[%emt 00:00:01]} 59. Kc2 {[%clk 00:00:12]} {[%emt 00:00:02]} Rxb3 {[%clk
00:00:07]} {[%emt 00:00:06]} 60. Kxb3 {[%clk 00:00:13]} {[%emt 00:00:01]} Bxb6
{[%clk 00:00:08]} {[%emt 00:00:01]} 61. Rxe5 {[%clk 00:00:10]} {[%emt
00:00:05]} Rxe5 {[%clk 00:00:09]} 62. Nxe5 {[%clk 00:00:11]} {[%emt 00:00:01]}
Bc7 {[%clk 00:00:11]} 63. Ng4 {[%clk 00:00:11]} {[%emt 00:00:02]} Bxg3 {[%clk
00:00:09]} {[%emt 00:00:04]} 64. Nf6+ {[%clk 00:00:13]} 1/2-1/2

[Event "World Youth & Cadets Blitz Championships"]
[Site "Rhodes, Greece"]
[Date "2022.05.03"]
[Round "8.11"]
[White "Hagner, Bennet"]
[Black "Podolskyi, Mykhailo"]
[Result "1-0"]
[TimeControl "5'/game & 2\"/move"]
[WhiteElo "2044"]
[BlackElo "1978"]

1. e4 {[%clk 00:05:04]} {[%emt 00:18:40]} c5 {[%clk 00:05:02]} {[%emt
00:00:03]} 2. Nf3 {[%clk 00:05:04]} e6 {[%clk 00:05:02]} {[%emt 00:00:02]} 3.
d4 {[%clk 00:05:05]} {[%emt 00:00:01]} cxd4 {[%clk 00:05:03]} {[%emt 00:00:01]}
4. Nxd4 {[%clk 00:05:06]} {[%emt 00:00:01]} a6 {[%clk 00:05:04]} {[%emt
00:00:01]} 5. Nc3 {[%clk 00:05:06]} {[%emt 00:00:02]} b5 {[%clk 00:05:03]}
{[%emt 00:00:03]} 6. Bd3 {[%clk 00:05:00]} {[%emt 00:00:08]} Bb7 {[%clk
00:05:02]} {[%emt 00:00:03]} 7. O-O {[%clk 00:04:53]} {[%emt 00:00:09]} Nc6
{[%clk 00:05:01]} {[%emt 00:00:03]} 8. Be3 {[%clk 00:03:55]} {[%emt 00:01:00]}
Nf6 {[%clk 00:04:49]} {[%emt 00:00:14]} 9. Nxc6 {[%clk 00:03:36]} {[%emt
00:00:21]} Bxc6 {[%clk 00:04:48]} {[%emt 00:00:03]} 10. e5 {[%clk 00:03:32]}
{[%emt 00:00:06]} Nd5 {[%clk 00:04:31]} {[%emt 00:00:19]} 11. Nxd5 {[%clk
00:03:32]} {[%emt 00:00:02]} Bxd5 {[%clk 00:04:32]} {[%emt 00:00:02]} 12. a4
{[%clk 00:03:17]} {[%emt 00:00:17]} b4 {[%clk 00:04:18]} {[%emt 00:00:16]} 13.
Qe2 {[%clk 00:02:37]} {[%emt 00:00:41]} a5 {[%clk 00:03:49]} {[%emt 00:00:31]}
14. Bb5 {[%clk 00:02:14]} {[%emt 00:00:25]} Qc7 {[%clk 00:03:38]} {[%emt
00:00:13]} 15. f4 {[%clk 00:01:25]} {[%emt 00:00:51]} Rc8 {[%clk 00:02:10]}
{[%emt 00:01:31]} 16. Rac1 {[%clk 00:01:24]} {[%emt 00:00:03]} Bc5 {[%clk
00:01:54]} {[%emt 00:00:18]} 17. Kh1 {[%clk 00:01:02]} {[%emt 00:00:24]} O-O
{[%clk 00:01:10]} {[%emt 00:00:46]} 18. c4 {[%clk 00:00:41]} {[%emt 00:00:23]}
Bxe3 {[%clk 00:00:29]} {[%emt 00:00:43]} 19. Qxe3 {[%clk 00:00:40]} {[%emt
00:00:02]} Bc6 {[%clk 00:00:31]} 20. f5 {[%clk 00:00:36]} {[%emt 00:00:06]}
exf5 {[%clk 00:00:10]} {[%emt 00:00:22]} 21. Rxf5 {[%clk 00:00:36]} {[%emt
00:00:02]} Bxb5 {[%clk 00:00:07]} {[%emt 00:00:06]} 22. axb5 {[%clk 00:00:37]}
Qc5 {[%clk 00:00:07]} {[%emt 00:00:01]} 23. Qd2 {[%clk 00:00:24]} {[%emt
00:00:16]} Rfd8 {[%clk 00:00:04]} {[%emt 00:00:05]} 24. Qf4 {[%clk 00:00:21]}
{[%emt 00:00:05]} Rf8 {[%clk 00:00:05]} {[%emt 00:00:01]} 25. b3 {[%clk
00:00:16]} {[%emt 00:00:07]} Qe7 {[%clk 00:00:05]} 26. Rf1 {[%clk 00:00:14]}
{[%emt 00:00:04]} Ra8 {[%clk 00:00:04]} {[%emt 00:00:04]} 27. Qd4 {[%clk
00:00:15]} Rac8 {[%clk 00:00:05]} {[%emt 00:00:01]} 28. Qd5 {[%clk 00:00:14]}
{[%emt 00:00:03]} Rc5 {[%clk 00:00:05]} 29. Qd4 {[%clk 00:00:13]} {[%emt
00:00:03]} Rc7 {[%clk 00:00:06]} 30. b6 {[%clk 00:00:13]} {[%emt 00:00:02]} Rc6
{[%clk 00:00:07]} {[%emt 00:00:01]} 31. b7 {[%clk 00:00:08]} {[%emt 00:00:07]}
Qd8 {[%clk 00:00:09]} {[%emt 00:00:01]} 32. Qd5 {[%clk 00:00:09]} {[%emt
00:00:01]} Re6 {[%clk 00:00:10]} 33. Qb5 {[%clk 00:00:07]} {[%emt 00:00:04]}
Qb8 {[%clk 00:00:08]} {[%emt 00:00:03]} 34. Qxd7 {[%clk 00:00:07]} {[%emt
00:00:02]} Rxe5 {[%clk 00:00:08]} {[%emt 00:00:03]} 35. Rxf7 {[%clk 00:00:07]}
Ree8 {[%clk 00:00:03]} {[%emt 00:00:08]} 36. Rxf8+ {[%clk 00:00:07]} {[%emt
00:00:02]} Rxf8 {[%clk 00:00:04]} 37. Rxf8+ {[%clk 00:00:07]} {[%emt 00:00:02]}
Qxf8 {[%clk 00:00:04]} {[%emt 00:00:02]} 38. Qc8 {[%clk 00:00:08]} {[%emt
00:00:01]} 1-0

[Event "World Youth & Cadets Blitz Championships"]
[Site "Rhodes, Greece"]
[Date "2022.05.03"]
[Round "8.12"]
[White "Toktomushev, Teimur"]
[Black "Antoniou, Rafail"]
[Result "1-0"]
[TimeControl "5'/game & 2\"/move"]
[WhiteElo "1960"]
[BlackElo "1653"]

1. d4 {[%clk 00:04:55]} {[%emt 00:00:09]} d5 {[%clk 00:05:02]} {[%emt
00:00:03]} 2. c4 {[%clk 00:04:55]} {[%emt 00:00:01]} e6 {[%clk 00:05:03]}
{[%emt 00:00:01]} 3. Nc3 {[%clk 00:04:56]} {[%emt 00:00:02]} Be7 {[%clk
00:05:04]} {[%emt 00:00:01]} 4. e3 {[%clk 00:04:50]} {[%emt 00:00:08]} Nf6
{[%clk 00:05:02]} {[%emt 00:00:03]} 5. Nf3 {[%clk 00:04:50]} {[%emt 00:00:02]}
O-O {[%clk 00:04:59]} {[%emt 00:00:06]} 6. Bd3 {[%clk 00:04:50]} {[%emt
00:00:01]} b6 {[%clk 00:04:55]} {[%emt 00:00:07]} 7. O-O {[%clk 00:04:28]}
{[%emt 00:00:24]} Bb7 {[%clk 00:04:54]} {[%emt 00:00:03]} 8. b3 {[%clk
00:04:28]} {[%emt 00:00:02]} Nbd7 {[%clk 00:04:47]} {[%emt 00:00:08]} 9. Bb2
{[%clk 00:04:28]} {[%emt 00:00:02]} Ne4 {[%clk 00:04:37]} {[%emt 00:00:12]} 10.
Rc1 {[%clk 00:03:57]} {[%emt 00:00:33]} c5 {[%clk 00:04:17]} {[%emt 00:00:23]}
11. cxd5 {[%clk 00:03:29]} {[%emt 00:00:30]} exd5 {[%clk 00:04:17]} 12. Qe2
{[%clk 00:03:25]} {[%emt 00:00:06]} Bd6 {[%clk 00:03:20]} {[%emt 00:01:00]} 13.
Rfd1 {[%clk 00:03:06]} {[%emt 00:00:21]} Ndf6 {[%clk 00:02:55]} {[%emt
00:00:27]} 14. dxc5 {[%clk 00:02:31]} {[%emt 00:00:37]} bxc5 {[%clk 00:02:55]}
15. Bxe4 {[%clk 00:02:07]} {[%emt 00:00:26]} dxe4 {[%clk 00:02:51]} {[%emt
00:00:06]} 16. Nd2 {[%clk 00:02:03]} {[%emt 00:00:06]} Qe7 {[%clk 00:02:47]}
{[%emt 00:00:06]} 17. Nc4 {[%clk 00:01:42]} {[%emt 00:00:24]} Bc7 {[%clk
00:02:42]} {[%emt 00:00:07]} 18. Nb5 {[%clk 00:01:34]} {[%emt 00:00:10]} Nd5
{[%clk 00:01:31]} {[%emt 00:01:13]} 19. Nxc7 {[%clk 00:01:00]} {[%emt
00:00:36]} Qxc7 {[%clk 00:01:29]} {[%emt 00:00:04]} 20. Qg4 {[%clk 00:00:57]}
{[%emt 00:00:05]} f6 {[%clk 00:01:30]} {[%emt 00:00:01]} 21. Qxe4 {[%clk
00:00:44]} {[%emt 00:00:14]} Rfe8 {[%clk 00:01:25]} {[%emt 00:00:08]} 22. Qg4
{[%clk 00:00:38]} {[%emt 00:00:07]} Kh8 {[%clk 00:01:14]} {[%emt 00:00:14]} 23.
Rd2 {[%clk 00:00:28]} {[%emt 00:00:11]} Rad8 {[%clk 00:01:06]} {[%emt
00:00:10]} 24. Rcd1 {[%clk 00:00:29]} {[%emt 00:00:01]} Nb4 {[%clk 00:01:07]}
{[%emt 00:00:01]} 25. Nd6 {[%clk 00:00:16]} {[%emt 00:00:16]} Rf8 {[%clk
00:00:45]} {[%emt 00:00:23]} 26. Nf7+ {[%clk 00:00:15]} {[%emt 00:00:03]} Qxf7
{[%clk 00:00:41]} {[%emt 00:00:07]} 27. Rxd8 {[%clk 00:00:16]} Nd5 {[%clk
00:00:37]} {[%emt 00:00:06]} 28. Rxf8+ {[%clk 00:00:14]} {[%emt 00:00:03]} Qxf8
{[%clk 00:00:38]} 29. Qe6 {[%clk 00:00:11]} {[%emt 00:00:05]} Qa8 {[%clk
00:00:29]} {[%emt 00:00:12]} 30. f3 {[%clk 00:00:08]} {[%emt 00:00:04]} h6
{[%clk 00:00:22]} {[%emt 00:00:09]} 31. e4 {[%clk 00:00:09]} {[%emt 00:00:01]}
Nf4 {[%clk 00:00:22]} {[%emt 00:00:03]} 32. Qd6 {[%clk 00:00:06]} {[%emt
00:00:04]} Ne2+ {[%emt 00:00:19]} 33. Kf2 {[%clk 00:00:07]} Nd4 {[%clk
00:00:03]} {[%emt 00:00:05]} 34. Bxd4 {[%clk 00:00:08]} {[%emt 00:00:01]} cxd4
{[%clk 00:00:04]} {[%emt 00:00:02]} 35. Qxd4 {[%clk 00:00:06]} {[%emt
00:00:04]} Kh7 {[%clk 00:00:04]} {[%emt 00:00:01]} 36. Qd8 {[%clk 00:00:06]}
{[%emt 00:00:03]} Bc8 {[%clk 00:00:05]} 37. Rc1 {[%clk 00:00:06]} {[%emt
00:00:03]} Qb7 {[%clk 00:00:05]} {[%emt 00:00:01]} 38. Qxc8 {[%clk 00:00:07]}
{[%emt 00:00:02]} Qb6+ {[%clk 00:00:05]} {[%emt 00:00:02]} 39. Qc5 {[%clk
00:00:08]} Qa6 {[%clk 00:00:06]} {[%emt 00:00:01]} 40. Qf5+ {[%clk 00:00:08]}
Kg8 {[%emt 00:00:04]} 41. Rc8+ {[%clk 00:00:08]} Kf7 {[%emt 00:00:05]} 42. Rc7+
{[%clk 00:00:09]} Kf8 {[%clk 00:00:00]} {[%emt 00:00:02]} 43. Qc8+ {[%emt
00:00:02]} 1-0